000 00311nam a22001337a 4500
020 _a0-7497-4482-0
082 _a823
_bBLY/S
100 _aENID BLYTON
245 _aSECOND FORM AT MALORY TOWERS
260 _aLONDON
_bEGMONT
_c1941
300 _a150
650 _aCHILDREN'S STORY BOOK
_zUNITED KINGDOM
942 _cBK
999 _c164
_d164